| 000 | 00377cam a22001337a 4500 | ||
|---|---|---|---|
| 008 | 180718b1944 xxu||||| |||| 00| 0 eng d | ||
| 082 | _aB11 L335 | ||
| 100 | _aLaski, Harlod J. | ||
| 245 |
_aFaith, reason and civilisation: an essay in historical analysis _cby Harold J. Laski |
||
| 260 |
_aLondon _bGollencz _c1944 |
||
| 300 | _a203p. | ||
| 500 | _a6/- | ||
| 650 | _aCivilization | ||
| 999 |
_c479947 _d479947 |
||